banner-ar

CENTRAL AND SOUTH - EASTERN EUROPE 2004 (Record no. 5887)

MARC details
000 -الفاتح
حقل البيانات ثابتة الطول 00505nam a2200181Ia 4500
008 - عناصر البيانات ثابتة الطول - معلومات عامة
حقل البيانات ثابتة الطول 140319s9999 xx 000 0 eng d
020 ## - الرقم الدولى المعيارى للكتب
الرقم الدولى المعيارى للكتاب 1857431863
040 ## - مصدر الفهرسة
وكالة الفهرسة الأصلية GCL /
وكالة النسخ GCL
082 04 - رقم تصنيف ديوى العشرى
رقم التصنيف REF
رقم المادة 943
-- E C
245 10 - بيان العنوان
العنوان CENTRAL AND SOUTH - EASTERN EUROPE 2004
250 ## - بيان الطبعة
بيان الطبعة 4
260 ## - PUBLICATION, DISTRIBUTION, ETC. (IMPRINT)
تاريخ النشر أو التوزيع 2003
300 ## - الوصف المادى
التعداد 809 P ؛
أبعاد الوعاء 28 CN
490 ## - بيان السلسلة
عنوان السلسلة REGIONAL SUVEYS OF WORLD
رقم المجلد/ التعيين التسلسلي 0
650 04 - المدخل الاضافى بالموضوع-مصطلح موضوعى
مصطلح موضوعي SOUTH - EASTERN EUROPE - HISTORY
942 ## - عناصر المدخل الإضافي( كوها)
مصدر التصنيف او مخطط الترفيف Dewey Decimal Classification
Koha [default] item type المراجع
260 ## - PUBLICATION, DISTRIBUTION, ETC. (IMPRINT)
-- انجلترا :
-- EUROPA PUBLICATIONS LIMITED ،
Holdings
حالة التراجع حالة الفقد حالة تلف ليس للاعارة المكان المؤقت الموقع الحالى تاريخ الاكتساب اجمالي اﻻعارات رقم الطلب الباركود تاريخ اخر مشاهدة تاريخ تفعيل السعر نوع وعاء كوها
        مكتبة القاهرة الكبرى مكتبة القاهرة الكبرى 03/26/2014   REF\943\E C 12419 03/26/2014 03/26/2014 المراجع

Powered By

EGPV